Energy, Resource, Environmental and Sustainable Management (Record no. 118595)

MARC details
000 -LEADER
fixed length control field 00705cas a22002295a 4500
001 - CONTROL NUMBER
control field L321
008 - FIXED-LENGTH DATA ELEMENTS--GENERAL INFORMATION
fixed length control field 070622c2002 xxkbr p 0 a0eng
022 1# - INTERNATIONAL STANDARD SERIAL NUMBER
International Standard Serial Number 1478-7539
035 ## - SYSTEM CONTROL NUMBER
System control number (Sirsi) u98947
041 0# - LANGUAGE CODE
Language code of text/sound track or separate title eng
110 ## - MAIN ENTRY--CORPORATE NAME
Corporate name or jurisdiction name as entry element Department for Environment, Food and Rural Affairs
9 (RLIN) 4094
245 00 - TITLE STATEMENT
Title Energy, Resource, Environmental and Sustainable Management
260 ## - PUBLICATION, DISTRIBUTION, ETC.
Place of publication, distribution, etc. Chestergate
Name of publisher, distributor, etc. McMillan Scott
Date of publication, distribution, etc. 2002-
362 0# - DATES OF PUBLICATION AND/OR SEQUENTIAL DESIGNATION
Dates of publication and/or sequential designation 2002-
520 ## - SUMMARY, ETC.
Summary, etc. Kept for one year
554 ## -
-- Six per year
651 #4 - SUBJECT ADDED ENTRY--GEOGRAPHIC NAME
Geographic name United Kingdom
Chronological subdivision
690 ## - LOCAL SUBJECT ADDED ENTRY--TOPICAL TERM (OCLC, RLIN)
Topical term or geographic name as entry element ENVIRONMENTAL AND LAND CONSULTANCY-ENVIRONMENTAL MANAGEMENT
780 00 - PRECEDING ENTRY
Title Energy and Environmental Management
International Standard Serial Number 1460-7530
942 ## - ADDED ENTRY ELEMENTS (KOHA)
Suppress in OPAC 0
948 ## - LOCAL PROCESSING INFORMATION (OCLC); SERIES PART DESIGNATOR (RLIN)
c (OCLC) 21/09/1994
Holdings
Withdrawn status Lost status Source of classification or shelving scheme Damaged status Not for loan Home library Current library Shelving location Date acquired Total Checkouts Full call number Barcode Date last seen Price effective from Koha item type
    Other/Generic Classification Scheme     London London Gallery 20/10/2004   ENERGY RESOURCE ENVIRONMENTAL... 98947-1001 06/08/2019 06/08/2019 Journal